MARC

LEADER 00000nam0a2200000 4500
001 264353
005 20231101233826.0
035 |a (RuTPU)RU\TPU\book\287344 
090 |a 264353 
100 |a 20140618d1961 k y0rusy50 ca 
101 0 |a rus 
102 |a RU 
105 |a a z 001zy 
200 1 |a Применение электронных приборов и схем в физико-химическом исследовании  |f Н. Г. Алексеев, В. А. Прохоров, К. В. Чмутов 
210 |a Москва  |c Госхимиздат  |d 1961 
215 |a 552 с.  |c ил. 
320 |a Библиогр. в конце гл. 
320 |a Предметный указатель: с. 542-552. 
606 1 |a Электронные приборы  |2 stltpush  |3 (RuTPU)RU\TPU\subj\20460  |9 45561 
606 1 |a Физико-химический анализ  |2 stltpush  |3 (RuTPU)RU\TPU\subj\68857  |9 83965 
610 1 |a электронные схемы 
610 1 |a детали 
610 1 |a монтаж 
610 1 |a выпрямители 
610 1 |a преобразователи 
610 1 |a напряжение 
610 1 |a усилители 
610 1 |a измерительные схемы 
610 1 |a электрические колебания 
610 1 |a генераторы 
610 1 |a диэлектрическая проницаемость 
610 1 |a кондуктометрия 
610 1 |a титрование 
610 1 |a потенциометрия 
610 1 |a кулонометрия 
610 1 |a полярография 
610 1 |a вакуум 
610 1 |a температура 
610 1 |a фотометры 
675 |a 621.38  |v 3 
675 |a 543.4/.5  |v 3 
700 1 |a Алексеев  |b Н. Г. 
701 1 |a Прохоров  |b В. А. 
701 1 |a Чмутов  |b К. В. 
801 1 |a RU  |b 63413507  |c 20140618 
801 2 |a RU  |b 63413507  |c 20141126  |g RCR 
942 |c BK